• 首页
  • 本馆介绍
  • 公告通知
  • 最新文献
  • 馆藏检索
  • 电子资源
  • 读者荐购
  • 参考咨询
  • CALIS
  • 我的图书馆
  • 登录
  • 详细信息显示
  • 放入我的书架
  • 预约/预借图书
  • 作者相关作品
  • 分类相关作品
  • 丛书相关作品
  • 出版社相关作品

书目信息

  • 表格格式
  • 工作单格式
  • 卡片格式
题名:
当代中国建筑师:戴复东、吴庐生
    
 
作者: 《当代中国建筑师》丛书编委会 编
分册:  
出版信息: 北京   中国建筑工业出版社  1999.05
页数: 405页
开本: 12开
丛书名:
单 册:
中图分类: TU206
科图分类:
主题词: 建筑设计
电子资源:
ISBN: 7-112-03847-2
 
 
 
 
 
000 00680nam0 2200193 45
001 0009251144
005 20001021091248.0
010    @a7-112-03847-2@d315.00元
100    @a20000925d1999 km y0chiy0120 ea
101 0  @achi
105    @a z 000yy
200 1  @a当代中国建筑师:戴复东、吴庐生@ADang Dai Zhong Guo Jian Zhu Shi:Dai Fu Dong、Wu Lu Sheng@f《当代中国建筑师》丛书编委会编@F《Dang Dai Zhong Guo Jian Zhu Shi》Cong Shu Bian WeiHui Bian
210    @a北京@c中国建筑工业出版社@d1999.05
215    @a405页@d12开
606 0  @a建筑设计
690    @aTU206@v3
701  0 @a《当代中国建筑师》丛书编委会@4编
801    @aCN@bPftUser@c20000925
905    @dTU206@eD:962/1@b179482-483@f2
    
    当代中国建筑师:戴复东、吴庐生/《当代中国建筑师》丛书编委会编.-北京:中国建筑工业出版社,1999.05
    405页;12开
    
    
    ISBN 7-112-03847-2:315.00元
    
●
相关链接 在E读中查询图书 在当当中查询图书 在豆瓣中查询图书


正题名:当代中国建筑师:戴复东、吴庐生     索取号:TU206/D:962/1         预约/预借

序号 登录号 条形码 馆藏地/架位号 状态 备注
1 179482   201794825   建筑库101/101建筑库 40排6列3层/ [索取号:TU206/D:962/1] 在馆    
2 179483   201794834   建筑库101/101建筑库 40排6列3层/ [索取号:TU206/D:962/1] 在馆    
河南城建学院图书馆 欢迎您!
大连网信软件有限公司© 版权所有